| 000 | 00989nac a22002897a 4500 | ||
|---|---|---|---|
| 001 | BR8705856 | ||
| 003 | BR-BrBNA | ||
| 005 | 20240105120553.0 | ||
| 008 | 230509b bl.|||m| |||| 00| 0 por d | ||
| 040 |
_aBR-BrBNA _bpor _cBiblioteca Nacional de Agricultura |
||
| 072 | _aF30; F08 | ||
| 090 | _a1410 BR8705856 | ||
| 100 | 1 | _aSerpa, J.E.S. | |
| 100 | 1 | _aBarreto, A.C. | |
| 110 | 1 |
_aCentro Nacional de Pesquisa de Coco, Aracaju, SE (Brasil) _91760 |
|
| 245 | 1 | _aCompeticao de cultivares de feijao em consorciacao com o milho, nas microrregioes homogeneas 120 e 130, do estado de Sergipe | |
| 260 | 3 |
_aAracaju, SE (Brasil): _c1986. |
|
| 300 | _a6 p. | ||
| 490 |
_aPesquisa em Andamento - Centro Nacional de Pesquisa de Coco (Brazil) _vno. 6 _xISSN 0101-7357 |
||
| 650 | _aFEIJAO | ||
| 650 | _aCOMPETICAO DE VARIEDADE | ||
| 650 | _aCONSORCIACAO DE CULTURA | ||
| 650 | _aMILHO | ||
| 650 | _aSERGIPE | ||
| 909 |
_a202312 _bLúcia Elande _c55 _dLúcia Elande |
||
| 942 |
_2AGRIS _n0 _cMS |
||
| 999 |
_c280218 _d280218 |
||